Central Library OPAC University of Rajshahi

Diagnosing and correcting reading disabilities / (Record no. 50391)

MARC details
000 -LEADER
fixed length control field 00992nam a2200325 a 4500
001 - CONTROL NUMBER
control field 50391
003 - CONTROL NUMBER IDENTIFIER
rucl marc code BD-RJUL
005 - DATE AND TIME OF LATEST TRANSACTION
control field 20211209075512.0
008 - FIXED-LENGTH DATA ELEMENTS--GENERAL INFORMATION
fixed length control field 160827r19811963enka b 001 0 eng
020 ## - INTERNATIONAL STANDARD BOOK NUMBER
International Standard Book Number 0205049168
035 ## - SYSTEM CONTROL NUMBER
System control number (BD-RJUL)50511
040 ## - CATALOGING SOURCE
Original cataloging agency DLC
Transcribing agency DLC
Modifying agency NEH
-- BD-RJUL
Language of cataloging eng
041 ## - LANGUAGE CODE
Language code of text/sound track or separate title eng
060 ## - NATIONAL LIBRARY OF MEDICINE CALL NUMBER
Classification number LB 1050.5 S732d 1976
082 ## - DEWEY DECIMAL CLASSIFICATION NUMBER
Classification number 428.42
Edition number 23
Author mark and year SPC 1981
100 10 - MAIN ENTRY--PERSONAL NAME
Personal name Spache, George Daniel
9 (RLIN) 151002
245 10 - TITLE STATEMENT
Title Diagnosing and correcting reading disabilities /
Statement of responsibility, etc. George D. Spache, Ken Mcllroy and paul C. Berg
260 ## - PUBLICATION, DISTRIBUTION, ETC. (IMPRINT)
Place of publication, distribution, etc. London :
Name of publisher, distributor, etc. Allyn and Bacon,
Date of publication, distribution, etc. c1981
300 ## - PHYSICAL DESCRIPTION
Pagination xii, 234 p. :
Illustrations ill. ;
Size 24 cm.
490 ## - SERIES STATEMENT
Series statement Margaret quinlin
500 ## - GENERAL NOTE
General note Includes index.
650 #0 - SUBJECT ADDED ENTRY--TOPICAL TERM
Topical term or geographic name as entry element Reading
General subdivision Remedial teaching.
9 (RLIN) 138772
Topical term or geographic name as entry element Reading disability.
9 (RLIN) 151003
Topical term or geographic name as entry element Remedial Teaching
9 (RLIN) 151004
700 ## - ADDED ENTRY--PERSONAL NAME
Personal name Mcllroy Ken
Personal name Berg paul C.
856 ## - ELECTRONIC LOCATION AND ACCESS
Materials specified Margaret quinlin
942 ## - ADDED ENTRY ELEMENTS (KOHA)
Source of classification or shelving scheme Dewey Decimal Classification
Koha item type Books
Holdings
Lost status Source of classification or shelving scheme Damaged status Not for loan Collection code Permanent Location Current Location Shelving location Date acquired Source of acquisition Total Checkouts Full call number Date last seen Copy number Koha item type
  Dewey Decimal Classification     Non-fiction Central Library, University of Rajshahi Central Library, University of Rajshahi   19/02/1986 Asia foundation   428.42 SPC 1981 27/08/2016 C-2 Books